000 00525nam a2200169 4500
001 148502
003 ES-MaACL
005 20230906202654.0
007 t|
008 070214s1972 sp r ||||1| spa d
100 1 _aSteineck, Hellmut.
_9108050
245 1 0 _aCultivo comercial del champiñón /
_cHellmut Steineck ; traducción de Jaime Essain Escobar.
260 _aZaragoza :
_bAcribia,
_c1972.
300 _a112 p. :
_bil. ;
_c22 cm.
700 1 _aEssain Escobar, Jaime.
_947985
852 _aES-MaACL
_jC-45191
_bR.83814
999 _c148502
_d148502